| 000 | 00640nam a22002537a 4500 | ||
|---|---|---|---|
| 003 | UA-OsUOA | ||
| 001 | 24554 | ||
| 007 | ta | ||
| 008 | 20040220b un ||||| |||| 00| 0 ukr d | ||
| 100 | _aДригалкин В.В. | ||
| 090 |
_a004.7 _bД74 |
||
| 942 | _cBK | ||
| 040 |
_aUA-OsUOA _brus _cUA-OsUOA _dUA-OsUOA |
||
| 245 |
_aHTML в примерах. Как создать свой WEB-сайт _bСамоучитель |
||
| 300 | _a192 с. | ||
| 955 | _a0 | ||
| 041 | _arus | ||
| 080 | _a004.7 | ||
| 020 | _a5-8459-0502-8 | ||
| 260 |
_aМосква _bВильямс _c2003 |
||
| 044 | _aRU | ||
| 650 | 7 | _2UDC | |
| 999 |
_c310832 _d310832 |
||